000 00888nmm a2200265 a 4500
001 ocm000608633
003 TR-IsHL
005 20201028134127.0
008 131121s2008 tu tur
007 cr cn
020 _a9786050052480
035 _a608633
_b(N$T)
050 0 4 _aQ162
_b.Y55 2008
090 0 4 _aQ162
_b.Y55 2008
100 1 _aYıldıral, Ergun
245 1 0 _aKüçük Prens 3 Einstein 0: ya Tanrı'nın golünü kim atacak?
_h[electronic resource] /
_cErgun Yıldıral
260 _aİstanbul :
_bAkis Kitap,
_c2008
300 _a560 p.
650 4 _aFelsefe, Psikoloji ve Din
650 4 _aPhilosophy, Psychology and Religion
650 0 _aKişisel gelişim
650 0 _aPersonal development
650 7 _aPSYCHOLOGY / Developmental / General
_2bisacsh
856 4 0 _uhttp://search.ebscohost.com/login.aspx?direct=true&scope=site&db=e011xww&AN=608633
999 _c6019
_d6019